000 00293nam a22001337a 4500
008 260218b ||||| |||| 00| 0 eng d
020 _a9951051049
041 _aShqip
080 _a2.1
100 _a20.1
101 _aroman
245 _aPoiesis e Praxis
_cRamush Mavriqi
942 _2lcc
_cBK
999 _c60818
_d60818